Experiencia profesional participativa en un establecimiento en transición agroecológica del SO bonaerense /
Guardado en:
| Autor Principal: | |
|---|---|
| Autor Corporativo: | |
| Otros Autores: | |
| Formato: | Libro |
| Idioma: | Spanish |
| Publicado: |
Bahía Blanca,
2021.
|
| Materias: | |
| Acceso en línea: | Acceso a texto completo |
| Etiquetas: |
Agregar Etiqueta
Sin Etiquetas, Sea el primero en etiquetar este registro!
|
| LEADER | 01409nam a22003015a 4500 | ||
|---|---|---|---|
| 001 | EEA.libagro011357 | ||
| 008 | 211117s2021####ag#a##########000#0#spa#d | ||
| 005 | 20220201133358.0 | ||
| 245 | 1 | 0 | |a Experiencia profesional participativa en un establecimiento en transición agroecológica del SO bonaerense / |c Joaquín Gonzales Chaves. |
| 260 | |a Bahía Blanca, |c 2021. | ||
| 300 | |a 55 h. : |b il., fot. col. ; |c 30 cm. | ||
| 500 | |a Trabajo de intensificación (Ingeniero Agrónomo) -- Universidad Nacional del Sur. Departamento de Agronomía, 2021. | ||
| 530 | |a Disponible también en línea. | ||
| 100 | 1 | |a Gonzales Chaves, Joaquín. | |
| 700 | 1 | |a Piñeiro, Verónica Ana, |e tutor. | |
| 710 | 2 | |a Universidad Nacional del Sur. |b Departamento de Agronomía. | |
| 082 | 0 | 4 | |a 378.82 |2 20 |
| 650 | 7 | |a Agroecología |2 agrovoc | |
| 650 | 7 | |a Agroecosistemas |2 agrovoc | |
| 650 | 7 | |a Agricultura sostenible |2 agrovoc | |
| 650 | 7 | |a Agronomía |x Enseñanza profesional (nivel universitario) |2 unbist | |
| 650 | 7 | |a Ingeniería agrícola |x Enseñanza profesional (nivel universitario) |2 unbist | |
| 651 | 7 | |a Sudoeste bonaerense |2 Catalis Autoridades | |
| 653 | |a Coronel Suárez (Argentina) | ||
| 653 | |a Transición agroecológica | ||
| 653 | |a Práctica profesional | ||
| 856 | 4 | 1 | |3 Acceso a texto completo |u https://repositoriodigital.uns.edu.ar/xmlui/handle/123456789/5820 |
| 859 | |a AR-BbBCA |b BIB. AGRONOMIA |h 378.82 |i G643 |p 2021/7191 | ||
